Score 0/20 Timer 06:00
1 Play Today
Lyrics College/University % Correct
'Fight, Fight Blue Devils, Fight for [school name] and the Blue and White'Duke University
89.2%
'I'm a Sooner born, and a Sooner bred, and when I die, I'll be Sooner dead'University of Oklahoma
88.8%
'Anchors Aweigh, Stand [school name] down the field, and SINK the Army, SINK the Army grey!'United States Naval Academy
85.2%
'On the banks of the Red Cedar, There's a school that's known to all, Its specialty is winning, And those Spartans play good ball'Michigan State University
73.4%
'The Cardinal is waving over the field; ... Rah! Rah! Rah! Farewell old Berkeley, We're after you, Once again the Cardinal will whip the Gold and Blue!'Stanford University
72.6%
'The proud old Princeton tiger is never at a loss, but the yell of all the yells, the yell that wins the day, is the 'HOYA, HOYA SAXA!' of the dear old Blue and Gray'Georgetown University
72.4%
'The line holds like a wall and now the Orange has the ball, So ready for that old long yell. Rah! Rah! Rah!' Syracuse University
70.6%
'Fight Raiders fight! Fight Raiders fight! Fight for the school we love so dearly, You'll hit 'em high, You'll hit 'em low, You'll push the ball across the goal, Tech Fight! Fight!Texas Tech
64.5%
'Fair Harvard has her crimson, Old Yale her colors too, but for dear [school name], we wear the Red and Blue'University of Pennsylvania
60.4%
'Once I had a girl on rocky top, half bear the other half cat. Wild as a mink but sweet as soda pop, I still dream about that'University of Tennessee
60.1%
Lyrics College/University % Correct
'Talk about the Sooners, the Cowboys and the Bears, Aggies and the Tiger and his tail, Talk about the Wildcats and the Cyclone boys, but I'm the bird to make 'em weep and wail'University of Kansas
59.9%
'Hail! to the victors valiant, Hail! to the conqu'ring heroes, Hail! Hail! to [school name], the champions of the West!'University of Michigan
56.8%
'We are Sons of Westwood, and we hail to Blue and Gold, True to thee our hearts will be, Our love will not grow old'UCLA
55.7%
'To thy colors true we shall ever be, Firm and strong, united are we. Rah, rah, rah, for Ski-U-Mah, Rah! Rah! Rah! Rah! Rah for the U of M.'University of Minnesota
50.2%
'Cheer Cheer for old [school name], Wake up the echoes sounding her name, Send a volley cheer on high, Shake down the thunder from the sky!'University of Notre Dame
40.3%
'Roar, Lion, Roar, For Alma Mater on the Hudson shore!'Columbia University
39.3%
'We're the Red and White from State, And we know we are the best. A hand behind our back, We can take on all the rest'North Carolina State Univeristy
29.5%
'He's a high fallutin', rootin' tootin', Son of a gun from old [school name], Ragtime Cowboy (talk about your cowboy) Ragtime Cowboy Joe'University of Wyoming (also UC Davis)
27.1%
'Bow down to [school name], Bow down to [school name], Mighty are the men who wear the purple and gold, Joyfully we welcome them within the victor's fold'University of Washington
23.3%
'Fight on and win, for ol' [school name], Fight on! To victory, Fight on!'USC
22.3%
Remove Ads.
Support Sporcle.
Get the best of Sporcle when you Go Orange. This ad-free experience offers more features, more stats, and more fun while also helping to support Sporcle. Thank you for becoming a member.

You're not logged in!

Compare scores with friends on all Sporcle quizzes.
OR
Log In

Show Comments

Extras

Top Quizzes Today


Score Distribution

Your Account Isn't Verified!

In order to create a playlist on Sporcle, you need to verify the email address you used during registration. Go to your Sporcle Settings to finish the process.

Report this User

Report this user for behavior that violates our Community Guidelines.

Details: